| 000 | 00739nam a22002172 4500 | ||
|---|---|---|---|
| 001 | 0000019076 | ||
| 005 | 20151217152144.0 | ||
| 008 | 100908s xx 000 0 eng d | ||
| 020 | _a0687036666 : | ||
| 040 |
_aKABU _cKABU |
||
| 245 | 1 | 0 |
_aHebrew Bible : _bhistory of interpretation / _cforeword by Walter Harrelson. |
| 250 | _a1st ed. | ||
| 260 |
_aNashville : _bAbingdon, _c2004. |
||
| 300 | _axxiv, 366 p. | ||
| 500 | _aExcerpted from the Dictionary of Biblical interpretation edited by John H. Hayes. | ||
| 630 | 0 | 0 |
_aBible _xCriticism, interpretation, etc _xHistory. _@0000178680 |
| 630 | 0 | 0 |
_aBible _xHermeneutics. _@0000149240 |
| 852 | 1 | _9p500 KES | |
| 908 | _a100908 | ||
| 950 | _@1 | ||
| 999 |
_c8803 _d8803 |
||